| 000 | 00453nam a2200193Ia 4500 | ||
|---|---|---|---|
| 003 | 0100 | ||
| 008 | 130227s9999 xx 000 0 und d | ||
| 040 | _cARRUPELIB | ||
| 050 | _aBV4647.J68E44 | ||
| 100 | _aEllsberg, Robert | ||
| 245 | 4 | _aThe Saints' guide to happiness | |
| 260 | _aLondon | ||
| 260 | _bDarton, Longman and Todd | ||
| 260 | _C2003 | ||
| 300 | _a221p. | ||
| 300 | _b 23 cm | ||
| 650 | _bWorld War, 2nd - Jews | ||
| 942 |
_2lcc _01 |
||
| 999 |
_c2064 _d2064 |
||